<?xml version="1.0" encoding="UTF-8"?>
<record
    xmlns:xsi="http://www.w3.org/2001/XMLSchema-instance"
    xsi:schemaLocation="http://www.loc.gov/MARC21/slim http://www.loc.gov/standards/marcxml/schema/MARC21slim.xsd"
    xmlns="http://www.loc.gov/MARC21/slim">

  <leader>00798nam a22002177a 4500</leader>
  <controlfield tag="005">20241129112642.0</controlfield>
  <datafield tag="010" ind1=" " ind2=" ">
    <subfield code="a">ENG-142721</subfield>
  </datafield>
  <datafield tag="020" ind1=" " ind2=" ">
    <subfield code="c">860.00</subfield>
    <subfield code="a">9789361593000</subfield>
  </datafield>
  <datafield tag="035" ind1=" " ind2=" ">
    <subfield code="a">EN-126253</subfield>
  </datafield>
  <datafield tag="037" ind1=" " ind2=" ">
    <subfield code="b">DBAD</subfield>
  </datafield>
  <datafield tag="082" ind1=" " ind2=" ">
    <subfield code="a">338.1095475</subfield>
    <subfield code="2">10</subfield>
  </datafield>
  <datafield tag="100" ind1=" " ind2=" ">
    <subfield code="a">Feldman, Robert S.</subfield>
    <subfield code="9">74331</subfield>
  </datafield>
  <datafield tag="245" ind1=" " ind2=" ">
    <subfield code="a">Development Across The Life Span/</subfield>
    <subfield code="c">By Robert S. Feldman [and] Nandita Babu</subfield>
  </datafield>
  <datafield tag="250" ind1=" " ind2=" ">
    <subfield code="a">10</subfield>
  </datafield>
  <datafield tag="260" ind1=" " ind2=" ">
    <subfield code="a">Uttar Pradesh</subfield>
    <subfield code="b">Pearson India Education Pvt Ltd</subfield>
    <subfield code="c">2025</subfield>
  </datafield>
  <datafield tag="270" ind1=" " ind2=" ">
    <subfield code="b">Uttar Pradesh</subfield>
    <subfield code="a">1st FLoor, Berger Tower, Plot No. C-001A/2, Sector-16B, Noida</subfield>
    <subfield code="e">201301</subfield>
  </datafield>
  <datafield tag="300" ind1=" " ind2=" ">
    <subfield code="a">xxvi,695p.</subfield>
    <subfield code="c">28cm(pb)</subfield>
    <subfield code="b">Index</subfield>
  </datafield>
  <datafield tag="500" ind1=" " ind2=" ">
    <subfield code="a">Indian Sociocultural Context | Includes World Events (Covid-19 Pandemic)</subfield>
  </datafield>
  <datafield tag="700" ind1=" " ind2=" ">
    <subfield code="a">Babu, Nandita </subfield>
    <subfield code="e">Author</subfield>
    <subfield code="9">74332</subfield>
  </datafield>
  <datafield tag="942" ind1=" " ind2=" ">
    <subfield code="2">ddc</subfield>
    <subfield code="c">EN</subfield>
    <subfield code="h">338.1095475</subfield>
    <subfield code="m">FEL</subfield>
    <subfield code="e">10</subfield>
  </datafield>
  <datafield tag="999" ind1=" " ind2=" ">
    <subfield code="c">207197</subfield>
    <subfield code="d">207197</subfield>
  </datafield>
  <datafield tag="952" ind1=" " ind2=" ">
    <subfield code="0">0</subfield>
    <subfield code="1">0</subfield>
    <subfield code="4">0</subfield>
    <subfield code="7">0</subfield>
    <subfield code="8">NFIC</subfield>
    <subfield code="a">ZLS</subfield>
    <subfield code="b">ZLS</subfield>
    <subfield code="d">2024-11-29</subfield>
    <subfield code="e">Delivery of Books Act Division</subfield>
    <subfield code="g">860.00</subfield>
    <subfield code="l">0</subfield>
    <subfield code="o">338.1095475 FEL</subfield>
    <subfield code="p">EN-126253</subfield>
    <subfield code="r">2024-11-29 00:00:00</subfield>
    <subfield code="t">1</subfield>
    <subfield code="v">860.00</subfield>
    <subfield code="w">2024-11-29</subfield>
    <subfield code="y">EN</subfield>
  </datafield>
</record>
